Relación entre universidad y sector productivo (Registro nro. 22737)

Detalles MARC
000 -LEADER
fixed length control field 00390 a2200133 4500
001 - CONTROL NUMBER
control field ART_6365
005 - DATE AND TIME OF LATEST TRANSACTION
control field 20260410161825.0
008 - FIXED-LENGTH DATA ELEMENTS--GENERAL INFORMATION
fixed length control field 260409a
100 1# - MAIN ENTRY--PERSONAL NAME
Personal name Carboni, Sandra
245 10 - TITLE STATEMENT
Title Relación entre universidad y sector productivo
700 1# - ADDED ENTRY--PERSONAL NAME
Personal name Delicio, Fabián
700 1# - ADDED ENTRY--PERSONAL NAME
Personal name Maestromey, Marcelina
773 0# - HOST ITEM ENTRY
Title FACES
Related parts - Año 6, Nº 9 (set./dic. 2000)
Record control number REV5046

No hay ítems disponibles.